Catálogo

Minimalismo : (Registro nro. 29457)

Detalles MARC
000 -LEADER
fixed length control field 01506cam a2200373 i 4500
001 - CONTROL NUMBER
control field 29457
003 - CONTROL NUMBER IDENTIFIER
control field Mx-PuUPA
005 - DATE AND TIME OF LATEST TRANSACTION
control field 20250328115650.0
008 - FIXED-LENGTH DATA ELEMENTS--GENERAL INFORMATION
fixed length control field 140415s2001 sp ao gr 001 0 spa d
020 ## - INTERNATIONAL STANDARD BOOK NUMBER
International Standard Book Number 3829088698
040 ## - CATALOGING SOURCE
Transcribing agency Mx-PuUPA
Original cataloging agency Mx-PuUPA
Language of cataloging spa
Modifying agency Mx-PuUPA
Description conventions rda
041 0# - LANGUAGE CODE
Language code of text/sound track or separate title spa
100 1# - MAIN ENTRY--PERSONAL NAME
Personal name Cheviakoff, Sofía,
Relator term autor
9 (RLIN) 16126
245 13 - TITLE STATEMENT
Title Minimalismo :
Remainder of title minimal-mimalism : una reflexión histórica ; Minimalista : moda, diseño y muebles, arquitectura, interiores /
Statement of responsibility, etc. Sofía Cheviakoff, Aurora Cuito (Epílogo), Pilar Bonet (Minimal-Minimalism. Una reflexión histórica), Pablo Soto (Moda) ; Arco Editorial S.A. Barcelona, autor
246 14 - VARYING FORM OF TITLE
Title proper/short title Minimalismo minimalista
264 #1 - PRODUCTION, PUBLICATION, DISTRIBUTION, MANUFACTURE, AND COPYRIGHT NOTICE
Place of production, publication, distribution, manufacture Colonia, Alemania :
Name of producer, publisher, distributor, manufacturer Könemann,
Date of production, publication, distribution, manufacture, or copyright notice ©2001
300 ## - PHYSICAL DESCRIPTION
Extent 999 páginas :
Other physical details ilustraciones, fotografías (a color) ;
Dimensions 19 cm
336 ## - CONTENT TYPE
Fuente rdacontent
Content type term texto
Content type code txt
336 ## - CONTENT TYPE
Content type term imagen fija
Content type code sti
Fuente rda content
337 ## - MEDIA TYPE
Source rdamedia
Media type term sin medio
Media type code n
338 ## - CARRIER TYPE
Source rdacarrier
Carrier type term volumen
Carrier type code nc
650 #7 - SUBJECT ADDED ENTRY--TOPICAL TERM
Source of heading or term armarc
Topical term or geographic name entry element Arquitectura moderna
Chronological subdivision Siglo XX
650 #7 - SUBJECT ADDED ENTRY--TOPICAL TERM
Source of heading or term armarc
Topical term or geographic name entry element Minimalismo (Arte)
650 #7 - SUBJECT ADDED ENTRY--TOPICAL TERM
Source of heading or term armarc
Topical term or geographic name entry element Decoración de interiores
650 #7 - SUBJECT ADDED ENTRY--TOPICAL TERM
Source of heading or term armarc
Topical term or geographic name entry element Diseño minimalista
700 1# - ADDED ENTRY--PERSONAL NAME
Personal name Cuito, Aurora,
Dates associated with a name autor
700 1# - ADDED ENTRY--PERSONAL NAME
Personal name Bonet, Pilar,
Dates associated with a name autor
700 1# - ADDED ENTRY--PERSONAL NAME
Personal name Soto, Pablo,
Dates associated with a name autor
710 2# - ADDED ENTRY--CORPORATE NAME
Corporate name or jurisdiction name as entry element Arco Editorial S.A. Barcelona,
Relator term autor
942 ## - ADDED ENTRY ELEMENTS (KOHA)
Source of classification or shelving scheme Dewey Decimal Classification
Koha item type Libro
Classification part M66
Existencias
Withdrawn status Lost status Source of classification or shelving scheme Damaged status Not for loan Collection code Home library Current library Shelving location Date acquired Source of acquisition Cost, normal purchase price Total Checkouts Full call number Barcode Date last seen Cost, replacement price Price effective from Koha item type
    Dewey Decimal Classification     General Biblioteca Karol Wojtyla Biblioteca Karol Wojtyla Sala general 03/12/2013 Donación 0.00   724.6 M66 2001 62823 05/01/2026 0.00 03/12/2013 Libro